| 000 | 00853nam a2200241 i 4500 | ||
|---|---|---|---|
| 001 | 102704 | ||
| 003 | ES-MaACL | ||
| 005 | 20250824061507.0 | ||
| 007 | t| | ||
| 008 | 051129s1997 pr ||||1| spa d | ||
| 080 | _a821.134.2 Coll y Britapaja, José 1.07 | ||
| 100 | 1 |
_aSarramía, Tomás. _9103847 |
|
| 245 | 1 | 0 |
_aJosé Coll y Britapaja _b: vida y obra / _cTomás Sarramía. |
| 250 | _a1ª ed. | ||
| 260 |
_aSan Juan, Puerto Rico : _bLEA, Ateneo Puertorriqueño, _c1997. |
||
| 300 |
_a108 p. ; _c21 cm. |
||
| 490 | 1 |
_aCuadernos del Ateneo ; _v5. _aSerie de teatro ; _v4 |
|
| 600 | 1 | 4 |
_aColl y Britapaja, José. _939637 |
| 710 | 2 |
_aAteneo Puertorriqueño _92054 |
|
| 830 | 0 | 0 |
_aCuadernos del Ateneo. _pSerie de teatro (Ateneo Puertorriqueño) _v5. _v4 _9178597 |
| 852 |
_aES-MaACL _jE-11197 _bR.136901 |
||
| 999 |
_c102704 _d102704 |
||